Statistiken für Geschichte nach Buchstabe - M

Klicken Sie hier um das Quiz zu spielen!

Allgemein

  • Dieses Quiz wurde 5.594 mal gespielt
  • Das Durchschnittsergebnis liegt bei 11 aus 20

Antwortstatistiken

HinweisAntwort% Korrekt
Wird von den Muslimen als letzter Prophet angesehenMohammed
95%
Österreichisches Wunderkind und KomponistWolfgang Amadeus Mozart
92%
Maler der Sixtinischen KapelleMichelangelo
86%
Autor des Kommunistischen ManifestesKarl Marx
81%
Erster schwarzer Präsident von SüdafrikaNelson Mandela
76%
Berühmte Inkastadt in PeruMachu Picchu
74%
Mesoamerikanische Zivilisation berühmt für ihren exakten KalenderMaya
68%
Stadt, welche den östlichsten Punkt von Napoleons Eroberungen markierteMoskau
61%
Die erste industrialisierte Stadt der WeltManchester
60%
Kulturlandschaft zwischen dem Tigris und dem EuphratMesopotamien
58%
Enthauptete Königin der SchottenMaria
56%
Religiöse Bewegung, wurde von Joseph Smith begründetMormonentum
50%
US-Forschungsprojekt zur Entwicklung der AtombombeManhattan-Projekt
47%
Einflussreiche florentinische Dynastie, welche vier Päpste hervorbrachteMedici
41%
Englands "Große Urkunde" von 1215Magna Carta
35%
Muslimischer Stamm, regierte einst SpanienMauren
34%
Ford's erstes massenproduziertes AutoModel T
22%
Autor der Bill of Rights (USA)James Madison
16%
Indisches Reich von 1526 bis 1867, mit Agra als HauptstadtMogulreich
14%
Italienischer Erfinder des RadiosGuglielmo Marconi
11%

Verteilung der Resultate

Perzentil nach korrekt beantworteten Fragen

Anzahl Personen mit jedem Resultat

Ihre Resultats-Entwicklung

Sie haben dieses Quiz noch nicht gespielt